[Event "FRA-chT Gp-A"]
[Site "France"]
[Date "2004.02.01"]
[Round "3"]
[White "Dautov, Rustem"]
[Black "Schenk, Andreas"]
[Result "1-0"]
[WhiteElo "2616"]
[BlackElo "2499"]
[Annotator "Dautov,R"]
[PlyCount "94"]
[EventDate "2004.01.30"]
[EventType "team"]
[EventRounds "7"]
[EventCountry "FRA"]
[SourceTitle "CBM 098 Extra"]
[Source "ChessBase"]
[SourceDate "2004.03.10"]
[SourceVersion "2"]
[SourceVersionDate "2004.03.10"]
[SourceQuality "1"]
[WhiteTeam "Mulhouse"]
[BlackTeam "Bischwiller"]
[WhiteTeamCountry "FRA"]
[BlackTeamCountry "FRA"]

1. d4 Nf6 2. c4 e6 3. g3 d5 4. Nf3 dxc4 5. Bg2 Nc6 6. Qa4 Bb4+ 7. Bd2 Bd6 8.
O-O (8. Qxc4 O-O 9. Bc3 Qe7 10. O-O Rd8 (10... e5 $5 11. d5 $13) 11. Nbd2 Nd5
12. Rfd1 Nb6 13. Qb3 Bd7 14. Ne4 Be8 15. Rac1 f6 $14 {Beliavsky,A-Krasenkow,M/
BL 0304}) 8... O-O 9. Qxc4 e5 10. dxe5 {Das anspruchsvollere 10.d5 führt zu
einem komplizierten Spiel mit gegenseitigen Chancen.} ({Die Idee des Schachs 6.
..Bb4+ demonstriert die Variante} 10. Nc3 $2 Nxd4 11. Nxd4 exd4 12. Qxd4 Bxg3
$17) (10. d5 Ne7 11. Nc3 h6 12. Rfd1 a6 13. Qb3 c6 14. dxc6 Nxc6 15. Be3 Qc7
16. Nd2 Be6 17. Nd5 Bxd5 18. Bxd5 Na5 19. Qd3 Rad8 20. Bg2 $14 {Filippov,
V-Kortschnoj,V/Togliatti 2003}) 10... Nxe5 11. Nxe5 Bxe5 12. Bc3 Qe7 13. Bxe5
Qxe5 14. Nc3 c6 15. Rfd1 Be6 16. Qb4 Rab8 {Mein Gegner war gut vorbereitet und
spielte sehr schnell. All das kam bereits in der Turnierpraxis vor, wovon ich
nichts wußte. Die schwarze Stellung gilt als sehr sicher.} 17. Rd2 {Wenn Weiß
um Vorteil kämpfen will, muß er die d-Linie unter seine Kontrolle bringen. In
Frage kam jedoch 17.Rd3, um den Turm auf einem geschützten Feld zu halten.} (
17. Rd3 $5 a5 18. Qa3 Rfd8 19. Rad1 Qc7 (19... Rxd3 20. Rxd3 Bc4 21. Rd2) 20.
Qc5 Rxd3 21. Rxd3 Rd8 $2 22. Qe5 $1 Qe7 23. Qxa5 $16) 17... a5 $1 18. Qa3 $146
({Nichts erreichte Weiß mit} 18. Qb6 Nd7 19. Qd4 Qxd4 20. Rxd4 Rfd8 $11 {
Karpov,An-Kramnik,V /Wijk aan Zee 1998}) 18... Rfd8 19. Rad1 Qc7 20. Qc5 {/\Nb5
} Rxd2 21. Rxd2 Nd7 $6 {Die erste Ungenauigkeit. Der konsequente Turmtausch 21.
..Rd8! glich die Stellung auf taktische Weise vollkommen aus.} (21... Rd8 $1
22. Rxd8+ Qxd8 23. Qa7 b5 $1 24. Bxc6 b4 25. Ne4 Nxe4 26. Bxe4 Bxa2 $11) 22.
Qe7 {Nun begann ich mir Hoffnungen zu machen, aber die Stellung ist immer noch
ausgeglichen.} Qd8 23. Qd6 Qf8 24. Qc7 Qd8 25. Qd6 Qf8 26. Qc7 Qd8 27. Qf4 Rc8
{Mit der Absicht Qc7. Den Damentausch heißt Schwarz zu jeder Zeit willkommen.}
(27... Qf6 28. Qd6 $14) 28. Ne4 Qc7 29. Qxc7 {Hier beschloß ich, risikolos
fortzufahren, für das verlockende und scharfe 29.Nd6 hatte ich nicht genug
Bedenkzeit. Allerdings hätte Schwarz auch dann bei genauem Spiel nichts zu
befürchten.} (29. Nd6 $5 Rd8 (29... Rf8 $14) 30. Bh3 $5 Nf8 $1 (30... Bxh3 $2
31. Qxf7+ Kh8 32. Qf4 Rc8 33. Qh4 Be6 34. Qe7 Bh3 35. Nxc8 (35. Ne8 Qe5 36.
Rxd7 Qxe7 37. Rxe7 $16) 35... Qxc8 36. f3 $18) 31. Bxe6 Nxe6 32. Qe5 $11) 29...
Rxc7 30. Nc5 Bd5 $4 {[%mdl 8192] Ein grober Fehler, der Schwarz die Partie
kostet. Dagegen war das Endspiel nach 30...Kf8 remisverdächtig.} (30... Kf8 $1
31. Nxe6+ fxe6 32. f4 Ke7 33. Kf2 b5 $11) 31. Bxd5 $18 (31. Nxd7 $2 Rxd7 32.
Bxd5 Rxd5 33. Rxd5 cxd5 $11) 31... Nxc5 (31... cxd5 32. Rxd5 Nf8 33. Na4 Rc2
34. Rxa5 Rxe2 35. Rb5 $18) 32. Bxc6 $1 {Diesen simplen Zug hat Andreas
vollkommen übersehen. Weiß gewinnt einen Bauern bei besserer Stellung. Der
Rest ist einfach.} Kf8 33. Bb5 Ke7 34. f3 Ne6 35. Kf2 b6 36. b3 Nd8 37. Rd5 f6
38. Bd3 h6 39. Be4 Rc8 40. Bf5 Rc7 41. Be4 Rc8 42. Rb5 Rb8 43. Bd5 Kd6 44. e4
Nc6 45. Bxc6 $1 Kxc6 46. Rd5 Ra8 47. a4 Re8 (47... Re8 48. Ke3 $18 {/\Kf4-f5})
1-0

[Event "Dresden zt 1.2"]
[Site "Dresden"]
[Date "1998.05.08"]
[Round "10"]
[White "Cvitan, Ognjen"]
[Black "Dautov, Rustem"]
[Result "1/2-1/2"]
[WhiteElo "2560"]
[BlackElo "2600"]
[Annotator "Dautov,R"]
[PlyCount "123"]
[EventDate "1998.04.28"]
[EventType "swiss"]
[EventRounds "11"]
[EventCountry "GER"]
[SourceTitle "CBM 065"]
[Source "ChessBase"]
[SourceDate "1998.08.06"]
[SourceVersion "1"]
[SourceVersionDate "1998.08.06"]
[SourceQuality "1"]

1. d4 {Ribli} Nf6 2. c4 e6 3. g3 d5 4. Bg2 dxc4 5. Nf3 a6 6. O-O Nc6 {Diese
Variante ist flexibler als 6...b5. Im folgenden spielt Schwarz spielt ...b7-b5,
aber der Springer c6 kontrolliert die wichtigen Felder im Zentrum. Ribli.} 7.
e3 Bd7 {Ribli: Schwarz stabilisiert so die Stellung und der Zug ...b7-b5 wird
möglich.} 8. Qe2 (8. Nc3 {Ribli} Rb8 9. Ne5 Na5 $1 10. Qe2 b5 11. Rd1 Bd6 $5
12. e4 b4 $1 {0-1 Tratar,M-Sveshnikov,E/Ljubljana 1994 (32)}) 8... b5 9. Rd1 (
9. Bd2 {Ribli} Be7 10. Rc1 O-O 11. b3 cxb3 12. axb3 Nd5 13. Nc3 Nxc3 14. Bxc3
Qb8 15. h4 Qb6 16. Ng5 a5 17. d5 exd5 18. Bxd5 Bxg5 19. hxg5 b4 20. Bb2 $36 {
1-0 Kachiani_Gersinska,K-Wells,P/BL 1997 (31)}) (9. b3 {Ribli} cxb3 10. axb3
$44) (9. Nc3 {Ribli} Be7 10. Ne5 Nxe5 11. dxe5 (11. Bxa8 Qxa8 12. dxe5 Ne4 $44
{[%csl Yf3,Yg2,Yh3] Ribli: Schwarz hat einen Bauern für die geopferte Qualität
und gute Perspektiven auf den weißen Feldern.}) 11... Nd5 12. Nxd5 exd5 13.
Bxd5 c6 14. Be4 O-O $13) 9... Be7 (9... Bd6 {Ribli: Das ist eine interessante
Idee. Schwarz provoziert den Zug e3-e4, spielt dann ...Be7 und die Diagonale
des weißen Königsläufers ist verschlossen.}) 10. e4 (10. Nc3 {Ribli} Nd5 (10...
Rb8 11. Ne5 Nxe5 12. dxe5 Nd5 13. Nxd5 exd5 14. Bxd5 Qc8 15. b3 cxb3 16. axb3
O-O 17. Bb2 {1/2-1/2 Ryskin,A-Panchenko,A/Katowice op 1992 (36)}) 11. a4 (11.
e4 Nxc3 12. bxc3 $44) 11... O-O (11... Rb8 12. axb5 axb5 13. e4 Nxc3 14. bxc3
O-O 15. d5 $18 {[%csl Rc6]}) 12. axb5 Nxc3 13. bxc3 axb5 14. Rxa8 Qxa8 15. d5
exd5 16. Rxd5 Qe8 $1 17. Qd1 Nb8 $1 $15 {Beliavsky,A-Akopian,V/EU-chTM 1997/
0-1 (66)}) (10. b3 {Ribli} cxb3 11. axb3 O-O 12. e4 $44 {[%csl Yc5,Gd1,Gd4,Ge4]
Ribli: Weiß hat einen Bauern weniger, aber der schwarze Damenflügel ist
schwach und das weiße Bauernzentrum gefährlich.}) 10... O-O 11. Nc3 (11. Bf4 {
Ribli}) 11... Re8 12. Ne5 Rb8 (12... h6 13. a4 Rb8 14. axb5 axb5 {1/2-1/2
Krasenkov,M-Panchenko,A/Belgorod 1990}) 13. Be3 h6 (13... Bf8 14. Rac1 h6 15.
h4 (15. Rd2 Na5 16. Qf3 Bc8 (16... b4 $5) 17. h4 Bb7 $15 {Urban,K-Dautov,R/
Pula 1997} (17... Bb7 {Ribli} 18. Qf4 Qe7 19. g4 Nd7 20. Nxd7 Qxd7 21. g5 hxg5
22. hxg5 Bb4 23. Qh4 Nc6 24. a3 Bxc3 25. bxc3 Ne7 $13 {1/2-1/2 Urban,K-Dautov,
R/Pula 1997})) 15... Na5 16. g4 b4 17. Nb1 Ba4 18. Re1 Nd7 19. g5 hxg5 20. hxg5
Nxe5 21. dxe5 g6 $15 {Kachiani-Gersinska-Toth/Bundesliga 1997/98}) {[#]} 14.
Nxf7 {Ribli: Ein unerwartetes Opfer!} (14. Nxd7 Nxd7 (14... Qxd7 15. e5 Nd5 16.
Bxh6 Nxc3 17. Qg4 Ne2+ 18. Kf1 Nxg3+ 19. hxg3 Bf8 $13) 15. e5 Nb4 16. Qg4 Kh8
17. Qh5 Kg8 $13) (14. Rac1 $44 {Ribli}) (14. f4 $44 {Ribli}) 14... Kxf7 15. e5
Nb4 {Ribli: Schwarz gibt die Figur zurück und verbessert seine
Springerstellung.} (15... Kg8 $5 16. exf6 Bxf6 17. d5 (17. Ne4 $5) 17... Nb4
18. dxe6 Rxe6 19. a3 Nd3 20. Bd5 Qe7) (15... Ng8 {Ribli} 16. d5 {[%csl Rf7]} (
16. Qf3+ Nf6 17. exf6 Bxf6 $13 {[%csl Rf7]}) (16. Be4 $5 {[%csl Rc6,Ge2,Ge4,
Rf7] und Weiß droht Qf3+.}) 16... Nxe5 (16... exd5 17. Bxd5+ Kf8 18. Qf3+ Nf6 (
18... Bf6 19. Bxc6 $18) 19. exf6 $18 {[%csl Gd1,Gd5,Rd8,Gf3,Rf8]}) 17. Qh5+ {
[%cal Rh5e5,Gh5f7]} Kf8 18. Qxe5 $44) (15... Nh7 {Ribli} 16. d5 Nxe5 (16...
exd5 17. Bxd5+ Kf8 18. Qf3+ {[%csl Gf3,Rf8]} Bf6 19. Bxc6 $18) 17. Qh5+ Kg8 (
17... Ng6 18. dxe6+ $16 {[%csl Gd1,Rd8][%cal Re6f7,Re6d7]}) 18. Qxe5 $13) 16.
exf6 Bxf6 17. Ne4 {Ribli: Die schwarze Königsstellung ist geschwächt und die
weißen Figuren entfalten viel Aktivität.} (17. d5 Nd3) (17. Qh5+ Kg8 (17... Kf8
) 18. Qg6 Bc6 19. Ne4 $36 (19. Bxh6 Bxg2 20. Kxg2 Nd3 $15)) 17... Qe7 $6 (17...
Kg8 $1 18. Qg4 (18. Nc5 Bc6 19. Bxc6 Nxc6 20. Nxa6 Ra8 21. Nc5 Qd5 22. Qg4 h5
23. Qf4 Rad8 $15) 18... Nc2 19. Rac1 Nxe3 20. fxe3 Rf8 21. Nc5 Rb6 22. Rf1 $44)
18. Nc5 Bc6 $2 {Es ist logisch, daß Schwarz den gefährlichen
Katalanisch-Läufer tauscht.} (18... a5 19. a4 $14) (18... Rb6 $13) (18... Kf8 {
Ribli} 19. a3 Nd5 20. Nxa6 Ra8 21. Nc5 $14 {[%csl Gc5]}) 19. Bxc6 (19. Nxa6 {
Ribli} Rb6 (19... Nxa6 20. Bxc6 {[%csl Gc6]} Red8 21. a4 $16 {[%csl Rb5,Rc4,
Gc6]}) 20. Bxc6 Nxc6 {Ribli: Mit Zugumstellung führt das zur Partiefortsetzung.
}) 19... Nxc6 20. Nxa6 $16 Rb6 (20... Ra8 $2 21. Qh5+ Kg8 22. Qxb5 $18) (20...
Rb7 21. Nc5 (21. a4 $36 {Ribli}) 21... Rbb8 22. d5 exd5 23. Qh5+ Kf8 24. Rxd5
$16) (20... Rbd8 {Ribli} 21. Qh5+ $16 {[%csl Rc4,Rc6][%cal Rh5f7,Rh5b5]}) 21.
d5 $1 $138 {Ribli: Weiß opfert einen Bauern, erlangt aber eine bessere
Stellung.} Rxa6 (21... Ne5 22. Bxb6 cxb6 23. a3 exd5 24. Nb4 $18) (21... Nd4
22. Bxd4 Rxa6 (22... Bxd4 23. Nxc7 Qxc7 24. Rxd4 $16) 23. Qh5+ (23. dxe6+ $2
Kg8 24. Qh5 Bxd4 25. Rxd4 Qxe6 26. Qxb5 Rb6 27. Qxc4 Qxc4 28. Rxc4 Rxb2 $11)
23... Kf8 (23... Kg8 24. Bxf6 $18) 24. dxe6 Bxd4 25. Rxd4 Rxe6 26. Qxb5 $18)
22. dxc6 {/\Rd7} Rxc6 23. Qh5+ Kg8 24. Qxb5 Rd6 25. Bc5 $1 (25. Rdc1 $5 {
[%csl Rc4] Ribli}) (25. Qxc4 {Ribli} Bxb2 26. Rab1 Rxd1+ 27. Rxd1 $14) 25...
Rxd1+ 26. Rxd1 Qf7 27. Qxc4 (27. Rd7 Qg6 28. Qxc4 Qb1+ (28... Bxb2 {Ribli} 29.
Rxc7 $16 {[%csl Ga2,Gc4,Gc5,Gc7,Re6,Rg8] Ribli: Weiß besitzt einen Mehrbauern
und gute Figurenkoordination.}) 29. Kg2 Qxb2 30. Rxc7 $18) (27. Rc1 {[%csl Rc4]
Ribli} Rd8 (27... Qh5 28. Rxc4 Qd1+ 29. Kg2 Qd5+ 30. f3 (30. Kh3 Ra8 (30...
Qf5+ 31. Kg2 $11 (31. Rg4 Rd8 $19 {[%csl Gf5,Rg4,Rh3][%cal Rh6h5,Gf5h3] Ribli:
und Weiß ist gegen die Drohung ...h6-h5 ohne Verteidigung.})) 31. a4 Bxb2 $11)
30... Ra8 {[%csl Ga8,Rb5,Rc4,Rc5,Gd5,Gf6]} 31. a4 Bxb2 $11)) 27... Bxb2 28. a4
(28. Qb5 $5 {[%csl Ga2,Gb5][%cal Gb5e8,Rb5b2] Ribli}) 28... Qf3 $138 29. Rb1
Bf6 30. a5 Qc6 {Ribli: Schwarz fesselt den Läufer c5.} (30... Qd5 31. Qxd5 exd5
32. a6 $18) 31. a6 Be7 32. Qb5 {Die Stellung ist materiell gleich, aber
Schwarz muß wegen des starken a-Freibauern immer vorsichtig sein.} (32. a7 $1
Bxc5 (32... Qxc5 33. Qxc5 Bxc5 34. Rb8 Bxa7 35. Rxe8+ Kf7 36. Ra8 $16) 33. Rb8
Rf8 $1 (33... Bxf2+ $1 {Ribli} 34. Kxf2 Qxc4 35. Rxe8+ Kf7 36. a8=Q Qc2+ $11 {
[%csl Rf2] Ribli: und Weiß kann das Dauerschach nicht verhindern.}) (33... Bxa7
34. Qxc6 Rxb8 35. Qxc7 $16 {[%csl Gc7,Rg8]}) 34. Qf4 $1 (34. Qc2 $18 {[%csl
Ga7,Gb8,Rc6,Rg8]}) 34... Bd6 35. a8=Q Qxa8 36. Qxf8+ Bxf8 37. Rxa8 $18) 32...
Qxb5 33. Rxb5 Bxc5 $2 (33... c6 34. Ra5 Kf7 35. a7 Ra8 $16) 34. Rxc5 Ra8 35.
Ra5 $2 {? Ribli: Normalerweise steht der Turm besser hinter dem Freibauern,
aber hier ist dieser Zug schwächer als 35.Rc6.} (35. Rc6 e5 36. Kg2 e4 37. Kf1
Kf8 38. Ke2 $18) 35... Kf7 $11 36. Kg2 (36. Rc5 {Ribli} Ra7 37. Rc6 Ke7 $15 {
[%csl Ra6,Rc6]}) 36... Ke7 37. Kf3 Kd6 38. Ke4 Kc6 39. Ra1 Kb6 {Ribli: Ein
seltenes Beispiel dafür, daß der entfernte Freibauer nicht verwertet werden
kann.} 40. Ke5 $2 (40. Rb1+ Kxa6 41. Ke5 $11) 40... Rxa6 41. Rd1 {Ribli:
Natürlich darf Weiß nicht die Türme tauschen. Im Turmendspiel ist die
Remiswahrscheinlichkeit wegen der aktiven weißen Figuren allerdings noch groß.}
(41. Rxa6+ $2 {Ribli} Kxa6 42. Kxe6 c5 43. Kd5 Kb5 $19 {[%csl Gc5]}) 41... Ra2
(41... Kb7 {Ribli} 42. Rd7 $132 {[%csl Rd7,Ge5,Re6,Rg7]}) 42. Kxe6 Rxf2 $15 43.
Rb1+ {Ribli: Schwarz darf den c-Bauern nicht geben, kann sich also nur auf c8
vor den weißen Turmschachs verstecken.} Kc6 (43... Ka5 {Ribli} 44. Rc1 Kb6 (
44... Rxh2 45. Rxc7 g5 46. Kf5 $11 {[%csl Gc7,Gf5]})) 44. Rc1+ Kb7 45. Rb1+ Kc8
46. h4 {Ribli: Weiß aktiviert seine Bauern am Königsflügel.} Rf3 {Ribli: Der
schwarze Turm schneidet den weißen König vom Königsflügel und insbesondere von
den Bauern g7 und h6 ab.} (46... Rf6+ $1 47. Ke5 (47. Ke7 $2 c5 48. Rc1 (48.
Rb5 Rc6 49. Kf7 Rc7+ 50. Kg6 c4 51. Rb2 c3 52. Rc2 Kd8 $19) (48. g4 Rf4 49. Rb5
(49. Rg1 g5 50. hxg5 hxg5 51. Kd6 c4 $19) 49... c4 50. g5 Rxh4 51. gxh6 gxh6
52. Kd6 h5 $22 $19) (48. h5 Rf5 49. g4 Rg5 50. Rc1 Kc7 $19) 48... Rc6 49. h5 (
49. g4 g5 $1 50. hxg5 hxg5 $19) 49... c4 50. g4 c3 51. Rc2 Kb7 52. Kf7 Rc7+ 53.
Kf8 Kb6 54. Rxc3 Rxc3 55. Kxg7 Rc6 $19) 47... Rg6 (47... h5 48. g4 $1 hxg4 49.
Rg1 Rg6 50. Kf5 Rf6+ 51. Ke5 $11) 48. Rb3 $1 (48. Kf4 $2 h5 49. Rb5 Rg4+ 50.
Kf3 g6 $19) 48... Kd7 (48... h5 49. Kf5 Rb6 (49... Rg4 50. Ke6 $11) 50. Rc3 Kd7
51. Kg5 g6 52. g4 hxg4 53. Kxg4 $11) 49. Kf5 Rd6 50. g4 (50. h5 $2 Rd5+ 51. Kg6
Rg5+ 52. Kf7 c5 $19) 50... g6+ 51. Ke5 Re6+ 52. Kd5 c6+ 53. Kc5 Re5+ 54. Kd4
Ra5 55. Rb7+ Kd6 56. Rh7 Ra4+ 57. Ke3 Rxg4 58. Rxh6 $11) (46... Rg2 {Ribli} 47.
Rb3 $11 {[%csl Ge6,Rg7,Rh6][%cal Re6f7]}) (46... c5 $2 {Ribli} 47. Rc1 {
[%csl Gc1,Rc5,Rc8]}) 47. g4 Rf4 48. Rg1 {Ribli: Das sieht nach einer passiven
Verteidigungsidee aus, aber in Wirklichkeit plant Weiß mit g4-g5 oder h4-h5 zu
vereinfachen.} g5 (48... c5 {Ribli} 49. h5 (49. g5 $2 Rxh4 50. g6 Rf4 $17)
49... c4 50. g5 $11) 49. hxg5 hxg5 50. Rg2 $11 {עc8 Ribli: Schwarz hat einen
Bauern mehr, aber wegen des aktiven weißen Königs ist dieser Vorteil nicht zu
verwerten.} Kb7 (50... c5 51. Rc2 $1 (51. Kd5 $2 Kd7 52. Kxc5 (52. Rh2 c4 $19)
52... Ke6 53. Re2+ Kf6 54. Rg2 Ke5 $19) 51... c4 52. Kd5 $11 (52. Kd5 {Ribli}
Rxg4 53. Rxc4+ Rxc4 54. Kxc4 g4 55. Kd3 g3 56. Ke2 $11)) (50... c6 51. Kd6 Rf6+
(51... Rc4 52. Rh2 Rxg4 53. Kxc6 $11) 52. Ke5 (52. Kc5 {Ribli} Kc7 53. Rh2 $11)
52... Rf4 53. Kd6 $11) 51. Rb2+ Kc6 (51... Ka6 {Ribli} 52. Rc2 Rxg4 53. Rxc7
$11) 52. Rc2+ Kb6 53. Rb2+ Kc5 {Ribli: Schwarz hat das Maximum aus dem
Endspiel rausgeholt.} 54. Rc2+ Kb6 (54... Rc4 55. Rxc4+ Kxc4 56. Kf5 $11) 55.
Rb2+ Kc6 56. Rc2+ Kb7 57. Rb2+ Kc8 {Ribli: Schwarz kann nichts machen. er muß
mit dem König den c-Bauern verteidigen.} 58. Rg2 {Ribli: Diese Stellung war
schon vor 8 Zügen auf dem Brett.} Kd8 {Ribli: Auch über die Grundreihe kommt
Schwarz nicht voran.} 59. Rd2+ Ke8 60. Rc2 Kd8 61. Rd2+ Kc8 62. Rg2 1/2-1/2

[Event "Biel"]
[Site "Biel"]
[Date "1986.07.31"]
[Round "10"]
[White "Huebner, Robert"]
[Black "Greenfeld, Alon"]
[Result "1/2-1/2"]
[WhiteElo "2620"]
[BlackElo "2510"]
[Annotator "Dolmatov,S"]
[PlyCount "103"]
[EventDate "1986.07.20"]
[EventType "tourn"]
[EventRounds "11"]
[EventCountry "SUI"]
[EventCategory "12"]
[SourceTitle "MCL"]
[Source "ChessBase"]
[SourceDate "1999.07.01"]
[SourceVersion "1"]
[SourceVersionDate "1999.07.01"]
[SourceQuality "1"]

1. d4 Nf6 2. c4 e6 3. Nf3 d5 4. g3 dxc4 5. Bg2 Bd7 6. Ne5 Bc6 7. Nxc6 Nxc6 8.
Qa4 $6 (8. e3 Qd7 9. O-O Rb8 10. Qe2 $14) 8... Qd7 9. Bxc6 (9. Qxc4 Nxd4 10.
O-O $6 c5 11. Nc3 Rd8 12. Bg5 b5 $17 {Sosonko,G-Lukacs,P/Volmac-Spartakus/1987/
1/2-1/2/18/}) 9... Qxc6 10. Qxc6+ bxc6 11. O-O O-O-O 12. Be3 c5 13. dxc5 Ng4
14. c6 (14. Na3 c3 $6 (14... Nxe3 15. fxe3 Bxc5 16. Nxc4 f6 $10) 15. b4 (15.
bxc3 Nxe3 16. fxe3 Bxc5 17. Nc4 f6 $15) 15... a5 16. bxa5 Nxe3 17. fxe3 Bxc5
18. Nc4 $13) 14... Nxe3 15. fxe3 Bc5 $5 (15... f6 16. Rc1 (16. Nc3 Bc5 17. Kf2
Rd6 $15) 16... Rd6 (16... Bc5 17. Kf2 Rd5 18. Rxc4 $14) 17. Na3 Rxc6 18. Nxc4
$10) 16. Na3 Bxa3 17. bxa3 Rd6 18. Rxf7 g5 (18... Rxc6 $5 19. Rc1 c3 20. Rxg7
Rf8 (20... c2 21. Kf2 Rd8 22. Ke1 $10) 21. Rc2 (21. Rxh7 $2 c2 22. Rh4 e5 $1
$19) 21... Rd8 22. Kf2 Rd2 23. Rc1 c2 24. Ke1 Rcd6 25. Kf2 Rb6 26. Ke1 $10) 19.
Rc1 Rxc6 20. Rc3 h6 21. Kf2 $10 Rd8 22. Rf6 Rd2 23. Rxh6 Rxa2 24. h4 (24. Rg6
Rc5 25. Kf3 $10) 24... gxh4 25. Rxh4 a5 26. Re4 (26. Rd4 $6 e5 27. Re4 Rf6+ $10
) (26. g4) 26... Kd7 27. g4 Ke7 28. Kf3 Kf6 29. Kf4 Rxe2 30. Rexc4 Rf2+ 31. Ke4
Rxc4+ 32. Rxc4 Rg2 33. Kf3 Rb2 34. Kf4 Rf2+ 35. Ke4 Rg2 36. Kd3 Kg5 $6 (36...
Ra2 $10) 37. Rxc7 Kxg4 38. Ke4 Ra2 39. Rc3 a4 40. Ke5 Rb2 41. Rc4+ Kf3 42. e4
Rb3 43. Rxa4 Re3 44. Rd4 (44. Kxe6 Rxe4+ 45. Rxe4 Kxe4 46. Kd6 Kd4 47. Kc6 Kc4
$10) (44. Kd6 Kf4 $8 (44... Rxe4 $2 45. Rxe4 Kxe4 46. a4 Kd4 47. a5 $18) 45.
e5+ Kf5 46. Ra5 Rd3+ 47. Ke7 Re3 $10) 44... Rxa3 45. Kxe6 Ke3 46. Rc4 Kf4 47.
e5+ Kg5 48. Rd4 Ra6+ 49. Rd6 Ra7 50. Rd1 Ra6+ 51. Kf7 Ra7+ 52. Ke6 1/2-1/2

[Event "RUS-ch"]
[Site "Elista"]
[Date "1995.??.??"]
[Round "6"]
[White "Rashkovsky, Nukhim N"]
[Black "Ivanov, Sergey"]
[Result "1-0"]
[WhiteElo "2560"]
[BlackElo "2545"]
[Annotator "Dolmatov,S"]
[PlyCount "111"]
[EventDate "1995.10.??"]
[EventType "swiss"]
[EventRounds "11"]
[EventCountry "RUS"]
[SourceTitle "CBM 050"]
[Source "ChessBase"]
[SourceDate "1996.02.01"]
[SourceVersion "1"]
[SourceVersionDate "1996.02.01"]
[SourceQuality "1"]

1. d4 {Baburin} d5 2. Nf3 Nf6 3. c4 e6 4. g3 dxc4 5. Bg2 Nc6 (5... Be7) 6. Qa4
Bb4+ (6... Nd7 7. Qxc4 Nb6 8. Qd3 e5 $14) 7. Bd2 Nd5 8. Bxb4 Ndxb4 9. O-O Rb8
10. Nc3 a6 11. Ne5 O-O (11... Qxd4 12. Nxc6 Nxc6 13. Bxc6+ bxc6 14. Qxc6+ Qd7
15. Qxc4 $14) 12. Bxc6 {Baburin: In the Catalan this is just a standard
exchange, but what makes this game interesting is the fact that White won in
the endgame using the weaknesses in the Black position, although a pawn down.}
Nxc6 13. Nxc6 bxc6 14. Qxc6 (14. Qxc4 Rxb2 15. Rab1 Rb6 16. Qc5 f6 17. a4 Re8
18. a5 Rxb1 19. Rxb1 Qd6 20. Qxd6 cxd6 21. Rb6 Kf7 22. Rxc6 Ke7 $10) 14... Qxd4
(14... Rxb2 $2 15. Qxc4 $14) 15. Rfd1 Qe5 (15... Qb6 16. Qxc4 Qxb2 17. Rab1 $18
) 16. Rd2 Rb4 17. Rad1 (17. a3 Bb7 18. Qd7 Rb6 $10) 17... Bb7 18. Qd7 Qc5 (
18... h5 $2 19. Qe7 $16) 19. Qd4 (19. a3 Rb3 (19... Rb6 20. Na4 $16)) 19...
Qxd4 (19... Qc6 20. f3 $14) 20. Rxd4 Rxb2 21. Rxc4 c6 $2 (21... Bd5 22. Rxc7 (
22. Nxd5 exd5 23. Rxd5 Rxe2 $10) (22. Ra4) 22... Bxa2 $10) (21... Rc2 $10) (
21... Rc8 $2 {Baburin} 22. Rxc7 $1) 22. Rd7 g6 23. f3 Ba8 24. Ra7 Bb7 (24...
Rd8 25. Rxa6 Bb7 26. Ra7 $16) 25. Na4 Rxe2 $6 (25... Rb1+ $5 26. Kf2 Ra8 27.
Rxa8+ Bxa8 28. Nc5 Bb7 29. Nxb7 Rxb7 30. Rxc6 a5 31. Rc5 a4 32. Ra5 Rb4 33. a3
$14) 26. Rxb7 Rd8 27. Rb1 Rdd2 28. Rh4 $16 Re3 29. Nc5 Rxa2 (29... Rxf3 30. a4)
30. Ne4 Rxf3 31. Rb8+ Kg7 32. Rxh7+ (32. Ng5 $2 Re3 $10) 32... Kxh7 33. Ng5+
Kg7 34. Nxf3 Kf6 (34... a5 $5 35. Ne5 a4 36. Rb7 Kf6) 35. g4 a5 36. Rc8 Rc2 (
36... a4 37. Rxc6 a3 38. Ra6 Ra1+ 39. Kf2 a2 40. Ke3 $18) 37. g5+ Ke7 38. Rc7+
Kd6 (38... Ke8 39. Ne5 a4 40. Ra7 $18) 39. Rxf7 a4 40. Ra7 Ra2 41. h4 a3 42. h5
gxh5 43. g6 Rb2 44. Rxa3 Rb4 45. Kh2 e5 (45... Rg4 46. Rd3+ Ke7 47. Ne5 Rg5 48.
Rg3 Rxg3 49. Kxg3 Kf6 50. Kh4 c5 51. Kxh5 $18) 46. Re3 e4 47. Ng5 Ke7 48. g7 (
48. Nh7 $5 Ke6 49. Kh3 $18) 48... Rb8 49. Rxe4+ (49. Nxe4 Kf7 50. Rg3 Rg8 51.
Nd6+ Kf6 (51... Ke6 52. Rg6+ $18) 52. Kh3 c5 53. Kh4 c4 54. Kxh5 c3 55. Kh6 c2
56. Rc3 $18) 49... Kf6 50. Ne6 Rg8 51. Kg3 c5 52. Kh4 Kg6 53. Rf4 c4 54. Rf8 (
54. Rxc4 Kf5 55. Rc6 $18) 54... Kh7 55. Kxh5 c3 56. Ng5+ 1-0